Bruce Willis Movies - Sudden Death - Statistics

General Stats
  • This quiz has been taken 497 times
  • The average score is 8 of 16
Answers on the Grid
Answers color-coded by a green-red scale on the quiz's grid according to % correct below.
21 Bridges
48 Hours
A Few Good Men
Armageddon
Blade Runner
Copland
Die Hard
Entrapment
Hudson Hawk
Inside Man
Looper
Miami Vice
Minority Report
Moonstruck
Pulp Fiction
RED
Sin City
Street Kings
Swordfish
Tango & Cash
Tears of the Sun
The Expendables
The Fifth Element
The General’s Daughter
The Last Boy Scout
The Siege
The Sixth Sense
The Whole 9 Yards
Twelve Monkeys
Unbreakable
 
Answer Stats
Answer % Correct
Die Hard
90%
Armageddon
80%
The Sixth Sense
73%
Pulp Fiction
61%
The Fifth Element
57%
RED
54%
Sin City
53%
Twelve Monkeys
51%
Unbreakable
45%
The Expendables
44%
Looper
43%
Hudson Hawk
41%
The Last Boy Scout
36%
The Whole 9 Yards
32%
Tears of the Sun
29%
The Siege
17%
No matching quizzes found
Score Distribution
Percent of People with Each Score
Percentile by Number Answered
Your Score History
You have not taken this quiz